Carregando...

Agricultural buildings and structures

Detalhes bibliográficos
Autor principal: Whitaker, J.H
Formato: Printed Book
Idioma:Undetermined
English
Publicado em: Virginia Reston publishers 1979
Assuntos:
LEADER 00551nam a2200169Ia 4500
008 140306s9999 xx 000 0 und d
041 |a eng 
082 |a 624  |b WHI/AG 
100 |a Whitaker, J.H 
245 |a Agricultural buildings and structures 
260 |a Virginia  |b Reston publishers  |c 1979 
300 |a 530 
365 |b Rs.17.95 
650 |a Civil engineering 
942 |2 ddc  |c BK 
999 |c 117043  |d 117043 
952 |0 0  |1 0  |2 ddc  |4 0  |6 624_000000000000000_WHIAG  |7 0  |9 115829  |a KAUHCV  |b KAUHCV  |d 2004-04-29  |g 17.95  |o 624 WHI/AG  |p KAU_HCV-8348  |r 2014-03-22  |w 2014-03-22  |y BK